High-voltage engineering / (Record no. 83221)

MARC details
000 -LEADER
fixed length control field 00667nam a22002297a 4500
005 - DATE AND TIME OF LATEST TRANSACTION
control field 20140505104418.0
010 ## - LCCN (DPL NO)
LC control number ENG-109636
020 ## - INTERNATIONAL STANDARD BOOK NUMBER
Terms of availability 515.00
International Standard Book Number 9781259062896
020 ## - INTERNATIONAL STANDARD BOOK NUMBER
Terms of availability 515.00
International Standard Book Number 1259062899
035 ## - SYSTEM CONTROL NUMBER
System control number EN-93169
037 ## - SOURCE OF ACQUISITION
Source of stock number/acquisition DBAD/PUB
082 ## - DEWEY DECIMAL CLASSIFICATION NUMBER
Classification number 621.31913
100 ## - MAIN ENTRY--PERSONAL NAME
Personal name Naidu, M.S.
245 00 - TITLE STATEMENT
Title High-voltage engineering /
Statement of responsibility, etc by M.S. Naidu [and] V. Kamaraju
250 ## - EDITION STATEMENT
Edition statement 5th ed
260 ## - PUBLICATION, DISTRIBUTION, ETC. (IMPRINT)
Place of publication, distribution, etc New Delhi
Name of publisher, distributor, etc McGraw Hill Education
Date of publication, distribution, etc 2013
270 ## - ADDRESS
Address P-24, Green Park Extn.
City New Delhi
Postal code 110016
300 ## - PHYSICAL DESCRIPTION
Extent xiv,468p. :
Dimensions 23cm(pbk)
Other physical details ill.
500 ## - GENERAL NOTE
General note Includes index
700 ## - ADDED ENTRY--PERSONAL NAME
Personal name Kamaraju, V.
942 ## - ADDED ENTRY ELEMENTS (KOHA)
Source of classification or shelving scheme Dewey Decimal Classification
Item type English Books
Call number suffix NAI
Classification part 621.31913
Holdings
Withdrawn status Lost status Not for loan Collection code Home library Current library Date acquired Source of acquisition Cost, normal purchase price Full call number Barcode Copy number Cost, replacement price Koha item type
    Not For Loan Non-fiction D.B.Act.Division D.B.Act.Division 02/04/2014 DBAD/PUB 515.00 621.31913 NAI EN-93169 1 515.00 English Books

© Delhi Public Library
Hit Counter
free hit counter